Countries Within 500 Miles of Paris - Statistics

General Stats
  • This quiz has been taken 119 times
  • The average score is 14 of 15
Answer Stats
Country % Correct
Germany
100%
Belgium
99%
United Kingdom
99%
Austria
98%
Spain
98%
Switzerland
98%
Netherlands
97%
Denmark
96%
Italy
96%
Luxembourg
96%
Ireland
95%
Andorra
94%
Liechtenstein
92%
Monaco
88%
Czech Republic
80%
No matching quizzes found
Score Distribution
Percent of People with Each Score
Percentile by Number Answered
Your Score History
You have not taken this quiz